Christianity and violence /

Bibliographic Details
Main Author: Steffen, Lloyd H., 1951- (Author)
Corporate Author: Cambridge University Press
Format: eBook
Language:English
Published: Cambridge, United Kingdom ; New York, NY : Cambridge University Press, 2021.
Series:Elements in religion and violence.
Subjects:
Online Access:Connect to the full text of this electronic book

MARC

Tag First Indicator Second Indicator Subfields
LEADER 00000cam a22000001i 4500
001 in00004404635
006 m |o d |
007 cr |n|||||||||
008 210618s2021 enk ob 000 0 eng d
005 20250816190749.4
020 |a 9781108859271 (electronic bk.) 
020 |a 1108859275 (electronic bk.) 
020 |z 1108796699 
020 |z 9781108796699 
024 8 |a 99987764620 
035 |a (NhCcYBP)ybp16409168 
040 |a NhCcYBP  |c NhCcYBP  |d UtOrBLW 
050 4 |a BT736.15  |b .S74 2021 
082 0 4 |a 241.697  |2 23 
100 1 |a Steffen, Lloyd H.,  |d 1951-  |e author.  |0 http://id.loc.gov/authorities/names/n85175048 
245 1 0 |a Christianity and violence /  |c Lloyd Steffen. 
264 1 |a Cambridge, United Kingdom ;  |a New York, NY :  |b Cambridge University Press,  |c 2021. 
300 |a 1 online resource. 
336 |a text  |b txt  |2 rdacontent 
337 |a computer  |b c  |2 rdamedia 
338 |a online resource  |b cr  |2 rdacarrier 
490 1 |a Cambridge Elements. Elements in religion and violence 
504 |a Includes bibliographical references. 
588 |a Description based on print version record. 
500 |a Electronic resource. 
650 0 |a Violence  |x Religious aspects  |x Christianity.  |0 http://id.loc.gov/authorities/subjects/sh2008113262 
655 7 |a Electronic books.  |2 local 
710 2 |a Cambridge University Press.  |0 http://id.loc.gov/authorities/names/n50059133 
776 1 8 |i ebook version :  |z 9781108861243 
776 1 8 |c Original  |z 1108796699  |z 9781108796699 
830 0 |a Elements in religion and violence.  |0 http://id.loc.gov/authorities/names/no2018109211 
856 4 0 |u http://proxy.library.tamu.edu/login?url=https://doi.org/10.1017/9781108859271  |z Connect to the full text of this electronic book  |t 0 
945 |b 927608 
955 |a YBP purchased firm e-records 
980 |b 115.00  |g 1 
999 f f |s 801b451e-3eac-3a64-828d-b18479b010d3  |i 5e14045e-1655-39fb-bc76-e49de8ecaf9a  |t 0 
952 f f |a Texas A&M University  |b College Station  |c Electronic Resources  |d Available Online  |t 0  |e BT736.15 .S74 2021  |h Library of Congress classification 
998 f f |a BT736.15 .S74 2021  |t 0  |l Available Online